|
|
|
|
| LEADER |
00000nab a2200000 a 4500 |
| 001 |
vtls000871185 |
| 003 |
SK-MaSNL |
| 005 |
20260304020100.0 |
| 008 |
160405c2004 xo 0 slo |
| 015 |
|
|
|a SNBRB2004/05-14466
|
| 035 |
|
|
|a CLN000222737
|
| 040 |
|
|
|a SNKBUCL
|b slo
|c SNKBUCL
|e AACR2
|
| 041 |
0 |
|
|a slo
|
| 044 |
|
|
|a xo
|c SK
|
| 080 |
|
|
|a 616.132-089-06:616.8-009.11:616-092.9
|2 1997
|
| 100 |
1 |
|
|a Šulla, Igor,
|d 1945-
|4 aut
|9 237082
|
| 245 |
1 |
0 |
|a Ischemicko-reperfúzna paraplégia u psa a jej svetelnomikroskopický obraz
|c I. Šulla, J. Maršala, J. Radoňák
|
| 246 |
1 |
1 |
|a Ischemic-reperfusion paraplegia in the dog and the light microscopy picture
|
| 300 |
|
|
|b Obr.
|
| 504 |
|
|
|a Res. angl., slov.
|
| 504 |
|
|
|a Bibliogr. odkazy
|
| 650 |
0 |
7 |
|a hrudná aorta
|2 MESH
|9 218118
|
| 650 |
0 |
7 |
|a výkony chirurgické kardiovaskulárne
|2 MESH
|9 1297485
|
| 650 |
0 |
7 |
|a paraplégia
|2 MESH
|9 15764
|
| 650 |
0 |
7 |
|a techniky histologické
|2 MESH
|9 1297486
|
| 650 |
0 |
7 |
|a systém nervový
|x patofyziológia
|2 MESH
|9 1297487
|
| 650 |
0 |
7 |
|a miecha
|x patofyziológia
|2 MESH
|9 1067383
|
| 650 |
0 |
7 |
|a experimentovanie na zvieratách
|2 MESH
|9 1217668
|
| 655 |
|
7 |
|a články z novín a časopisov
|2 snkbucl
|9 267496
|
| 700 |
1 |
|
|a Maršala, Jozef,
|d 1929-2007
|4 aut
|9 21948
|
| 700 |
1 |
|
|a Radoňak, Jozef,
|d 1958-
|4 aut
|9 199193
|
| 773 |
0 |
|
|x 0035-9351
|t Rozhledy v chirurgii
|g Roč. 83, č. 2 (2004), s. 91-95
|
| 850 |
|
|
|a Slovenská národná knižnica v Martine
|
| 852 |
|
|
|a SNK
|b KIS3GCP
|
| 958 |
|
|
|a MI
|
| 958 |
|
|
|a NB
|
| 958 |
|
|
|a RBX
|
| 999 |
|
|
|c 2596451
|d 2598381
|